NR-10 sem choque

Bibliographic Details
Main Author: Lobosco, Vagner
Other Authors: Servidone, Cšar
Format: eBook
Language:Portuguese
Published: San Pablo: LTR, 2020
Subjects:
Online Access:Acceso restringido

MARC

LEADER 00000nam a22000007a 4500
005 20220411232043.0
007 cr|||| ||||
008 220411s2020 br |||||s|||| 00||0 por d
020 |a 978-85-301-0213-5 
035 |a 36098 
040 |a vLex 
090 |c 13164  |d 13164 
100 1 |a Lobosco, Vagner 
245 1 0 |a NR-10 sem choque  |h [Recurso electrn̤ico] /  |c Vagner Lobosco, Cšar Servidone 
256 |a Servicio en ln̕ea 
260 |a San Pablo:  |b LTR,  |c 2020 
300 |a 1 recurso electrn̤ico 
506 1 |a Disponible solo en los productos indicados  |d vLex Global  |d vLex Global (Academic Edition, excluding Law Schools)  |d vLex Global (U.S. Academic Edition, Law Schools)  |d vLex Global (U.S. Academic Edition, excluding Law Schools)  |d vLex Global (Academic Edition, Law Schools) 
650 0 4 |a Derecho Laboral y Seguridad Social  |z Brasil 
700 1 |a Servidone, Cšar 
740 0 |a vLex Libros (Servicio en ln̕ea) 
856 4 0 |u https://app.vlex.com/#/sources/36098  |z Acceso restringido 
942 |c BOOK 
999 0 |a Labor law and social security